| Tag |
First Indicator |
Second Indicator |
Subfields |
| LEADER |
00000cam a2200000Ia 4500 |
| 001 |
in00002672521 |
| 005 |
20211202194008.0 |
| 006 |
m d f |
| 007 |
cr mn||||||||| |
| 008 |
100811s2009 lauab ob f000 0 eng d |
| 035 |
|
|
|a (OCoLC)ocn654865772
|
| 040 |
|
|
|a GPO
|c GPO
|d MvI
|d UtOrBLW
|
| 043 |
|
|
|a n-us-la
|
| 049 |
|
|
|a WWW
|
| 074 |
|
|
|a 0671-F (online)
|
| 086 |
0 |
|
|a I 72.12/2:2009-059
|
| 088 |
|
|
|a MMS 2009-059
|
| 245 |
0 |
0 |
|a Evaluation of oil and gas platforms on the Louisiana continental shelf for organisms with biotechnology potential /
|c Coastal Marine Institute ; editor L. Rouse.
|
| 264 |
|
1 |
|a [New Orleans, La.] :
|b U.S. Dept. of the Interior, Minerals Management Service, Gulf of Mexico OCS Region,
|c [2009]
|
| 300 |
|
|
|a 1 online resource (xi, 53 pages) :
|b illustrations, map.
|
| 336 |
|
|
|a text
|b txt
|2 rdacontent
|
| 337 |
|
|
|a computer
|b c
|2 rdamedia
|
| 338 |
|
|
|a online resource
|b cr
|2 rdacarrier
|
| 490 |
1 |
|
|a OCS study
|
| 500 |
|
|
|a Title from PDF title screen (MMS, viewed Aug. 11, 2010).
|
| 500 |
|
|
|a "November 2009."
|
| 504 |
|
|
|a Includes bibliographical references.
|
| 500 |
|
|
|a "MMS 2009-059."
|
| 536 |
|
|
|a Prepared under MMS cooperative agreement 1435-01-99-CA-30951-17809 by Louisiana State University, Coastal Marine Institute, Baton Rouge, Louisiana
|
| 500 |
|
|
|a Electronic resource.
|
| 650 |
|
0 |
|a Biotechnology.
|
| 650 |
|
0 |
|a Organisms
|z Mexico, Gulf of.
|
| 650 |
|
0 |
|a Drilling platforms
|z Mexico, Gulf of
|x Evaluation.
|
| 650 |
|
0 |
|a Marine resources
|z Mexico, Gulf of.
|
| 700 |
1 |
|
|a Rouse, L.
|
| 710 |
2 |
|
|a Coastal Marine Institute (Baton Rouge, La.)
|
| 710 |
2 |
|
|a Louisiana State University (Baton Rouge, La.)
|
| 830 |
|
0 |
|a OCS study.
|
| 856 |
4 |
0 |
|u https://purl.fdlp.gov/GPO/LPS125150
|t 0
|
| 999 |
|
|
|a MARS
|
| 999 |
f |
f |
|s 25baa7c4-8ec3-325d-88ba-3b9ab152cd51
|i bfb3a8f0-12a9-3983-8be1-873adc58e120
|t 0
|
| 952 |
f |
f |
|a Texas A&M University
|b College Station
|c Electronic Resources
|d Available Online
|t 0
|e I 72.12/2:2009-059
|h Superintendent of Documents classification
|
| 998 |
f |
f |
|a I 72.12/2:2009-059
|t 0
|l Available Online
|